000 00383nam a22001577a 4500
003 OSt
005 20240304145538.0
008 220706b xxu||||| |||| 00| 0 eng d
020 _a 978-0070187740
040 _cIIMT UNIVERSITY, MEERUT
100 _aKOONTZ, H
245 _aPRINCIPLES OF MANAGEMENT
260 _aS CHAND & CO.
_bNEW DELHI
_c2001
300 _a531
942 _2ddc
_c02
999 _c52852
_d52852